000 00619nam a2200229 a 4500
005 20140310183503.0
008 100930s19uu xx 00 eng d
020 _a9789710411795
050 _aHD 30.2
_b.Es79 2010
100 _aEstaris, Jay
245 _aIT project management /
_cJay Estaris.
250 _a3rd ed.
260 _aPhilippines :
_bTechFactors Inc,
_c2008.
300 _a122 p. :
_bill. col. ;
_c27 cm.
521 _aIT
650 _aProject management.
700 _ade Jesus, Joy T.
700 _aM.S., Lesley Abey
700 _aCaro, Jaime D.L.
942 _cBK
_2lcc
_kLOC
999 _c23982
_d23982